Word Ladder: 2 Places Quiz Stats

 Plays Quiz Updated Jul 25, 2017

Support Sporcle.
Go Orange.
Score 0/13 Timer 01:30
0 Plays Today
Clue 4-Letter Word % Correct
It wasn't built in a dayROME
97.7%
Metal piece of moneyCOIN
93.3%
By any other name it would smell as sweetROSE
92.7%
► City where you were born: [rung 1][rung 7] ◄► HOME ◄
92.4%
Throw a pancakeTOSS
91%
Diana of the SupremesROSS
91%
Pulled apartTORN
86.3%
Ears you may bite onCORN
85.4%
Facial area under a soul patchCHIN
85.2%
Golf shot; casino tokenCHIP
82.2%
► City where you were born: [rung 1][rung 7]◄
► Soweto in South Africa, e.g.: [rung 7][rung 13] ◄
► TOWN ◄
77.4%
Followers of many breakdownsTOWS
69.8%
► Soweto in South Africa, e.g.: [rung 7][rung 13] ◄► SHIP ◄
53.8%

Today's Daily Dose

You're not logged in!

Compare scores with friends on all Sporcle quizzes.
OR
Log In
Forgot?

From the Vault

Fictional Characters of Europe

by LTH

Even fictional characters need someplace to call home.
Remove Ads.
Support Sporcle.
Get the best of Sporcle when you Go Orange. This ad-free experience offers more features, more stats, and more fun while also helping to support Sporcle. Thank you for becoming a member.

Show Comments

Extras

Top Quizzes Today


Score Distribution

Your Account Isn't Verified!

In order to create a playlist on Sporcle, you need to verify the email address you used during registration. Go to your Sporcle Settings to finish the process.

Report this User

Report this user for behavior that violates our Community Guidelines.

Details: